[Event "Rhein Main op 10th"]
[Site "Bad Homburg"]
[Date "2007.06.09"]
[Round "5"]
[White "Golz, Manuel"]
[Black "Toenniges, Thomas"]
[Result "1-0"]
[WhiteElo "2028"]
[BlackElo "2104"]
[PlyCount "77"]
[EventDate "2007.06.06"]
[EventType "swiss"]
[EventRounds "7"]
[EventCountry "GER"]
[SourceTitle "EXT 2008"]
[Source "ChessBase"]
[SourceDate "2007.11.25"]
[SourceVersion "1"]
[SourceVersionDate "2007.11.25"]
[SourceQuality "1"]

1. d4 Nf6 2. Nf3 d5 3. c4 e6 4. g3 c6 5. Bg2 Nbd7 6. Nbd2 Be7 7. 0-0 0-0 8. Re1 b6 9. b3 Bb7 10. Bb2 c5 11. cxd5 exd5 12. Rc1 Re8 13. Ne5 Ne4 14. Nxd7 Qxd7 15. Nxe4 dxe4 16. dxc5 Qxd1 17. Rexd1 Bxc5 18. e3 Rad8 19. Bf1 a6 20. a3 a5 21. Bb5 Rf8 22. Kf1 Bd5 23. Bc4 Bxc4+ 24. bxc4 f5 25. a4 Kf7 26. Bd4 Bxd4 27. exd4 Rc8 28. Ke2 Rc6 29. d5 Rh6 30. h4 Rc8 31. Ke3 Ke7 32. Kd4 Rd6 33. Rc3 h6 34. f3 exf3 35. Re1+ Kf6 36. Rxf3 g6 37. g4 Rf8 38. gxf5 g5 39. Re6+ 1-0

[Event "Karl Mala Memorial op 10th"]
[Site "Griesheim"]
[Date "2006.07.23"]
[Round "6"]
[White "Weier, Daniel"]
[Black "Golz, Manuel"]
[Result "0-1"]
[WhiteElo "1863"]
[BlackElo "2044"]
[PlyCount "80"]
[EventDate "2006.07.20"]
[EventType "swiss"]
[EventRounds "7"]
[EventCountry "GER"]
[SourceTitle "CBM 113 Extra"]
[Source "ChessBase"]
[SourceDate "2006.09.14"]
[SourceVersion "1"]
[SourceVersionDate "2006.09.14"]
[SourceQuality "1"]

1. d4 Nf6 2. c4 g6 3. Nc3 Bg7 4. e4 d6 5. f3 0-0 6. Be3 e5 7. d5 a5 8. Qc2 Ne8 9. g4 h6 10. h4 Kh7 11. 0-0-0 a4 12. a3 c5 13. Bd3 Bd7 14. Nge2 Nc7 15. Rdg1 b5 16. cxb5 Ra5 17. Ng3 Nxb5 18. Bxb5 Bxb5 19. Qg2 Nd7 20. Kb1 Bd3+ 21. Ka1 c4 22. Bxh6 Bxh6 23. g5 Nc5 24. gxh6 Nb3+ 25. Ka2 Nd4 26. Nge2 Qb6 27. Nc1 Bc2 28. h5 Rg8 29. Qg5 Ra7 30. Qf6 Rb7 31. b4 axb3+ 32. Kb2 Qa6 33. Rg2 Nb5 34. Nxb5 Qxb5 35. Rhg1 Qa5 36. Ne2 Ra7 37. Qxd6 Bxe4 38. Nc3 Rd8 39. hxg6+ Bxg6 40. Qxe5 Qxa3# 0-1

[Event "Karl Mala Memorial op 10th"]
[Site "Griesheim"]
[Date "2006.07.22"]
[Round "4"]
[White "Geske, Julian"]
[Black "Golz, Manuel"]
[Result "1/2-1/2"]
[WhiteElo "2173"]
[BlackElo "2044"]
[PlyCount "93"]
[EventDate "2006.07.20"]
[EventType "swiss"]
[EventRounds "7"]
[EventCountry "GER"]
[SourceTitle "CBM 113 Extra"]
[Source "ChessBase"]
[SourceDate "2006.09.14"]
[SourceVersion "1"]
[SourceVersionDate "2006.09.14"]
[SourceQuality "1"]

1. e4 e5 2. Nf3 Nc6 3. Bb5 a6 4. Bxc6 dxc6 5. 0-0 f6 6. d4 exd4 7. Nxd4 c5 8. Nb3 Qxd1 9. Rxd1 Bg4 10. f3 Be6 11. Bf4 c4 12. Nd4 0-0-0 13. Nc3 Bc5 14. Be3 Bxd4 15. Rxd4 Ne7 16. Rad1 Nc6 17. Rxd8+ Rxd8 18. Rxd8+ Kxd8 19. a3 b6 20. Kf2 Kd7 21. f4 Kd6 22. f5 Bd7 23. Bf4+ Ne5 24. Ke3 b5 25. Ne2 c5 26. Ng1 Ke7 27. Bxe5 fxe5 28. c3 h5 29. Nf3 Kf6 30. h3 Be8 31. g4 hxg4 32. hxg4 g5 33. fxg6 Bxg6 34. Nh4 Be8 35. Nf5 Bd7 36. Kf3 Kg5 37. Ne3 Bc8 38. Kg3 Be6 39. Nf5 Bc8 40. Nd6 Be6 41. Nf5 Bc8 42. Nh4 Bxg4 43. Ng6 Kxg6 44. Kxg4 a5 45. Kh4 Kh6 46. Kg4 Kg6 47. Kh4 1/2-1/2

[Event "Karl Mala Memorial op 10th"]
[Site "Griesheim"]
[Date "2006.07.22"]
[Round "5"]
[White "Golz, Manuel"]
[Black "Ruppert, Wolfgang"]
[Result "0-1"]
[WhiteElo "2044"]
[BlackElo "2209"]
[PlyCount "104"]
[EventDate "2006.07.20"]
[EventType "swiss"]
[EventRounds "7"]
[EventCountry "GER"]
[SourceTitle "CBM 113 Extra"]
[Source "ChessBase"]
[SourceDate "2006.09.14"]
[SourceVersion "1"]
[SourceVersionDate "2006.09.14"]
[SourceQuality "1"]

1. d4 f5 2. Nf3 Nf6 3. c4 d6 4. Nc3 g6 5. e3 Bg7 6. Bd3 0-0 7. 0-0 Qe8 8. e4 fxe4 9. Nxe4 Bg4 10. Nxf6+ Bxf6 11. Be2 Nc6 12. Be3 e5 13. d5 Nd8 14. Nd2 Bf5 15. g4 Bd7 16. Ne4 Qe7 17. g5 Bg7 18. Kg2 Bf5 19. f3 Nf7 20. Qd2 c5 21. h4 Rfb8 22. a4 b6 23. Rh1 a6 24. Rab1 Qd7 25. b3 Rb7 26. Rh2 Rba7 27. Rbh1 Rb7 28. Kg3 Qd8 29. Bf1 Rab8 30. h5 gxh5 31. Rxh5 Bg6 32. R5h4 Qe7 33. Bd3 Rf8 34. Kf2 Nh8 35. Kg3 Qd8 36. Qg2 Rbf7 37. Be2 Bf5 38. Kf2 Ng6 39. Rxh7 Bxe4 40. Qh2 Bxf3 41. Bxf3 Rxf3+ 42. Ke2 Rxe3+ 43. Kxe3 Qxg5+ 44. Ke2 Qg4+ 45. Ke1 Qe4+ 46. Kd1 Qb1+ 47. Kd2 Qb2+ 48. Ke1 Qc1+ 49. Ke2 Nf4+ 50. Kf3 Nxd5+ 51. Ke4 Nc3+ 52. Kd3 e4# 0-1

[Event "Rhein Main op 08th"]
[Site "Bad Homburg"]
[Date "2005.05.30"]
[Round "7"]
[White "Golz, Manuel"]
[Black "Winter, Lars"]
[Result "1/2-1/2"]
[WhiteElo "1798"]
[BlackElo "2093"]
[PlyCount "124"]
[EventDate "2005.05.25"]
[EventType "swiss"]
[EventRounds "7"]
[EventCountry "GER"]
[SourceTitle "EXT 2006"]
[Source "ChessBase"]
[SourceDate "2005.11.24"]
[SourceVersion "1"]
[SourceVersionDate "2005.11.24"]
[SourceQuality "1"]

1. c4 Nf6 2. Nc3 g6 3. d4 Bg7 4. e4 d6 5. Be2 0-0 6. Nf3 e5 7. d5 a5 8. Bg5 h6 9. Bh4 Qe8 10. Nd2 Na6 11. 0-0 Nh7 12. a3 h5 13. f3 Bh6 14. Kh1 Be3 15. Qc2 Bd7 16. b3 Bc5 17. Bf2 Bxf2 18. Rxf2 Qe7 19. Rg1 Qg5 20. g3 Qe3 21. Nd1 Qc5 22. Qc1 c6 23. Kg2 cxd5 24. exd5 f5 25. Rgf1 Nc7 26. Nc3 Rac8 27. a4 Nf6 28. Ndb1 Kg7 29. Qg5 Rf7 30. g4 Rcf8 31. Bd3 Nh7 32. Qd2 fxg4 33. Ne4 Qd4 34. Nxd6 Rxf3 35. Rxf3 Rxf3 36. Rxf3 gxf3+ 37. Kxf3 Qg4+ 38. Kf2 Ng5 39. Qe3 Nh3+ 40. Ke1 Qh4+ 41. Qg3 Qf6 42. Qxg6+ Qxg6 43. Bxg6 Kxg6 44. Nxb7 Kf6 45. Nc3 Ng5 46. Ke2 e4 47. Ke3 Ke5 48. Nxa5 Nf3 49. h3 Ng5 50. b4 Nxh3 51. Nxe4 Bxa4 52. Nc6+ Bxc6 53. dxc6 Nf4 54. Nc3 Nfe6 55. b5 Nd8 56. Nd5 Nxd5+ 57. cxd5 Kd6 58. Kf4 h4 59. Kg4 h3 60. Kxh3 Kc7 61. Kg3 Nf7 62. Kf4 Nd6 1/2-1/2

[Event "Rhein Main op 08th"]
[Site "Bad Homburg"]
[Date "2005.05.28"]
[Round "6"]
[White "Noble, Fabian"]
[Black "Golz, Manuel"]
[Result "1-0"]
[WhiteElo "2053"]
[BlackElo "1798"]
[PlyCount "67"]
[EventDate "2005.05.25"]
[EventType "swiss"]
[EventRounds "7"]
[EventCountry "GER"]
[SourceTitle "EXT 2006"]
[Source "ChessBase"]
[SourceDate "2005.11.24"]
[SourceVersion "1"]
[SourceVersionDate "2005.11.24"]
[SourceQuality "1"]

1. e4 e5 2. Bc4 d6 3. Nc3 Nf6 4. Nge2 Nc6 5. 0-0 Na5 6. Bb3 Nxb3 7. axb3 Bg4 8. f3 Bh5 9. d4 a6 10. Ng3 Bg6 11. f4 exf4 12. Rxf4 Be7 13. Nf5 Bxf5 14. Rxf5 g6 15. Rf1 Qd7 16. Qf3 Qg4 17. Qf2 0-0-0 18. h3 Qd7 19. b4 d5 20. b5 Nxe4 21. Nxe4 dxe4 22. bxa6 bxa6 23. Be3 f5 24. Rxa6 Qb5 25. Ra2 Rhf8 26. c3 g5 27. Qc2 Qb7 28. Rfa1 f4 29. Ra7 Qc6 30. R1a6 Qb5 31. c4 Qxa6 32. Rxa6 fxe3 33. Qxe4 Bd6 34. Qc6 1-0

[Event "Rhein Main op 08th"]
[Site "Bad Homburg"]
[Date "2005.05.27"]
[Round "4"]
[White "Boelke, Thomas"]
[Black "Golz, Manuel"]
[Result "1/2-1/2"]
[WhiteElo "2069"]
[BlackElo "1798"]
[PlyCount "74"]
[EventDate "2005.05.25"]
[EventType "swiss"]
[EventRounds "7"]
[EventCountry "GER"]
[SourceTitle "EXT 2006"]
[Source "ChessBase"]
[SourceDate "2005.11.24"]
[SourceVersion "1"]
[SourceVersionDate "2005.11.24"]
[SourceQuality "1"]

1. g3 Nf6 2. Bg2 g6 3. c4 d6 4. Nc3 e5 5. Nf3 Bg7 6. 0-0 0-0 7. d3 c6 8. Rb1 Re8 9. Nd2 Nbd7 10. b4 a6 11. a4 Nf8 12. b5 axb5 13. axb5 Bd7 14. Qb3 Qc7 15. bxc6 bxc6 16. Qb6 Qxb6 17. Rxb6 Rab8 18. Ra6 Rec8 19. Ba3 Ne8 20. Nce4 d5 21. Nc5 Be6 22. Rxc6 Rxc6 23. cxd5 Rxc5 24. Bxc5 Bc8 25. Nc4 Nd7 26. Ba3 Bf8 27. Bb2 Ba6 28. Bxe5 Rc8 29. Bf4 Bxc4 30. dxc4 Rxc4 31. e4 f6 32. Ra1 g5 33. Be3 Nc5 34. Ra8 Kf7 35. Ra7+ Kg8 36. Ra8 Kf7 37. Ra7+ Kg8 1/2-1/2